000 00747nam a2200301Ia 4500
001 7389
005 20240113234012.0
007 ta
008 050705s1985 a g b000 u eng u
020 _cHB
040 _aCotton College,Assam
041 _aeng
082 _a550
_bLe 579 Ge
100 _aLevorsen, A.I. .
245 0 _aGeology of Petroleum /
_cA.I. Levorsen.
_hTextual Documents
250 _a2nd ed. /
260 _aDelhi :
_bCBS Publishers & Distributors ,
_c1985.
300 _ax, 724p. :
_bill. ;
_c22cm .
504 _aIndex
653 _aGeology
653 _aPetroleum
653 _aPetrology
653 _aPG-Geology
942 _2ddc
_cBK
999 _c7376
_d7376